000 00479nam a2200169 a 4500
005 20140412111426.0
008 090627s19uu xx 00 eng d
020 _a0-679-80832-9
050 _aM 808.83
_bD98 1994
100 _aDyer, Jane
245 _aThe Random house book of bedtime stories /
_cIllustrated by Jane Dyer.
260 _aU.S.A :
_bRandom house,
_c1994.
300 _a137p.
650 _aChildren stories
650 _aTales - short stories
999 _c106218
_d106218